| 000 | 00764nam a22002057a 4500 | ||
|---|---|---|---|
| 999 |
_c58429 _d58429 |
||
| 005 | 20221108161420.0 | ||
| 008 | 220207s2018 enk||||| |||| 00| 0 eng d | ||
| 020 | _a9781138239982 X | ||
| 041 | _aeng | ||
| 080 | _a372.87 Y-70 | ||
| 100 |
_aYoung, Susan _913480 |
||
| 245 |
_aCritical New Perspectives in Early Childhood Music: _bYoung Children Engaging and Learning Through Music / _cSusan Young. |
||
| 264 |
_aLondon : _bRoutledge, _c2018. |
||
| 300 |
_a156 p. _b23 cm. |
||
| 653 | _aმუსიკის გაკვეთილები სკოლამდელ ასაკში | ||
| 653 | _aУроки музыки для дошкольников | ||
| 653 | _aპედაგოგიკა | ||
| 653 | _aПедагогика | ||
| 942 |
_2udc _cBK |
||